| 000 | 01422cam a22002054a 4500 | ||
|---|---|---|---|
| 005 | 20250605164109.0 | ||
| 008 | 250528s ||||||||||||||||||||||||d | ||
| 035 | _a17843 | ||
| 020 | _a9781853433152 | ||
| 040 |
_aGR-AtMCL _bgre _dGR-AtMCL _eAACR2 |
||
| 245 | 1 | _aClinical Klein | |
| 260 | _c1994 | ||
| 300 | _a260 | ||
| 520 | _aThe first comprehensive exposition of Kleinian thought from a clinical and historical perspective. Acknowledgements, Examples, Introduction: A Guide to the Baffled Reader, The Foundation, The Psychoanalytic Background, Introjection and Projection, Unconscious Phantase, Appendix to Chapter 3: Earliest Object Relations, Melanie Klein's Contributions, A Method for Children, Internal Objects, The Depressive Position, The Paranoid-Schizoid Position, Appendix to Chapter 7: The Mind as Apparatus for Evacuation, Projective Identification, The Death Instinct and Envy, Epilogue to Part II: Omnipotence or Reality, Emotional Contact and the K-Link, Emotional Contact and the K-Link, Countertransference, Knowing and Being Known, Oedipal Knowing, Being Moved, Impasse and the Organization of the Personality, Change and Development, Epilogue to Part III: The Evolution of Kleinian Technique, Reflections: Progress and History, Notes, References, Index. | ||
| 700 | 1 |
_aHinshelwood R. D _94126 |
|
| 942 | _cBK | ||
| 710 | 2 |
_aFree Association Books _99750 |
|
| 999 |
_c3243 _d3243 |
||